Actualización del plan maestro del sistema de abastecimiento de agua potable del acueducto municipal de Naranjo

Guardat en:
Dades bibliogràfiques
Autor principal: Sánchez Jarquín, Freddy Alberto, 1995-
Altres autors: Serrano Pacheco, Alberto, 1976- Director del TFG
Format: Llibre
Idioma:Spanish
Publicat: [San José], Costa Rica 2022.
Matèries:
Etiquetes: Afegir etiqueta
Sense etiquetes, Sigues el primer a etiquetar aquest registre!

MARC

LEADER 00000nam a2200000Ia 4500
003 013676
005 20240111092830.0
008 140114s2022 cr a 000 ||spa d
040 |c cru CEDI  
100 |a Sánchez Jarquín, Freddy Alberto, 1995-  |9 950 
245 |a Actualización del plan maestro del sistema de abastecimiento de agua potable del acueducto municipal de Naranjo  
260 |a  [San José], Costa Rica  |c  2022. 
500 |a  Proyecto de graduación (licenciatura en ingeniería civil)--Universidad de Costa Rica. Facultad de Ingeniería. Escuela de Ingeniería Civil 
501 |a Director del proyecto de graduación: Ing. Alberto Serrano Pacheco Ph. D. 
610 0 |9 949  |a MUNICIPALIDAD DE NARANJO (ALAJUELA, COSTA RICA) - SUMINISTRO DE AGUA 
650 |x AGUA POTABLE   |x NARANJO (ALAJUELA, COSTA RICA) - SUMINISTRO DE AGUA  |x AGUA POTABLE 
700 |9 58  |a Serrano Pacheco, Alberto, 1976-  |d Director del TFG  
942 |c TFG  |h TFG 8827  |i 013676  |6 TFG_8827_013676000000000 
999 |c 15387  |d 15387